La verdadera historia de las medialunas /
Guardado en:
| Autor Principal: | |
|---|---|
| Otros Autores: | |
| Formato: | Libro |
| Publicado: |
Buenos Aires :
AZ,
2013.
|
| Series: | Serie del boleto
|
| Materias: | |
| Etiquetas: |
Agregar Etiqueta
Sin Etiquetas, Sea el primero en etiquetar este registro!
|
| LEADER | 00820nam a22002415a 4500 | ||
|---|---|---|---|
| 001 | CEM.cems015482 | ||
| 008 | 130507s2013##################000#0#####d | ||
| 005 | 20250602170410.0 | ||
| 245 | 1 | 0 | |a La verdadera historia de las medialunas / |c Luciana Daelli ; ilustrado Por Alejandra Taubin |
| 260 | |a Buenos Aires : |b AZ, |c 2013. | ||
| 300 | |a 16 p. | ||
| 490 | 0 | |a Serie del boleto | |
| 020 | |a 9789873501586 | ||
| 100 | 1 | |a Daelli, Luciana | |
| 700 | 1 | |a Taubin, Alejandra; il. | |
| 082 | 0 | 4 | |a A868.4 |
| 653 | |a Literatura | ||
| 653 | |a Literatura argentina | ||
| 653 | |a Literatura infantil | ||
| 653 | |a Cuentos infantiles | ||
| 653 | |a Colección ciencias de la educación | ||
| 859 | |a CEMS |b BIB. CEMS - Inicial y Primaria |h A863.4 |i D13 |k IP |p 1151 |t Ej.1 | ||
| 859 | |a CEMS |b BIB. CEMS - Ccias. Educacion |h A868.4 |i D13-1 |k CE |p 28886.19 |t Ej.1 | ||
